01532nam a2200373 a 4500001001200000003000800012006001900020007001500039008004100054020001800095020002700113040002100140035002100161050002700182082001200209245016700221260003600388300004500424490003600469504005100505533015200556588009700708650002300805650002000828650002000848650001500868655002900883700002600912700002100938710001700959710001900976830003700995856012601032ebr10674761CaPaEBRm o u cr cn|||||||||150303s2013 njua sb 001 0 eng d z9781118105368 z9781118418802 (e-book) aCaPaEBRcCaPaEBR a(OCoLC)80998906414aHB171.5b.E3356 2013eb04a33022300aEconomics for investment decision makersh[electronic resource] :bmicro, macro, and international economics /cChristopher D. Piros and Jerald E. Pinto, editors. aHoboken, N.J. :bWiley,cc2013. a1 online resource (xxi, 769 p.). :bill.1 aCFA Investment Institute Series aIncludes bibliographical references and index. aElectronic reproduction.bPalo Alto, Calif. :cebrary,d2015.nAvailable via World Wide Web.nAccess may be limited to ebrary affiliated libraries. aDescription based on online resource; title from title page (ebrary, viewed April 13, 2013). 0aSupply and demand. 0aMicroeconomics. 0aMacroeconomics. 0aEconomics. 7aElectronic books.2local1 aPiros, Christopher D.1 aPinto, Jerald E.2 aebrary, Inc.2 aCFA Institute. 0aCFA Institute investment series.40uhttp://site.ebrary.com/lib/rucke/Doc?id=10674761zAn electronic book accessible through the World Wide Web; click to view